000 01283cam a2200169 4500500
005 20251228074052.0
041 _afre
042 _adc
100 1 0 _aOuld-Ferhat, Laurence
_eauthor
245 0 0 _aSociologue dans une collectivité territoriale, pour quoi faire ?
260 _c2008.
500 _a24
520 _aRésuméL’auteur analyse son expérience de « conseiller scientifique » en sciences sociales immergée dans les services d’une grande collectivité territoriale. Elle met en évidence les attentes multiples et souvent implicites de ses nombreux interlocuteurs. Elle présente ses productions en écho à un « besoin de sociologie » et souligne les multiples tensions entre recherche et action.
520 _aThe author analyses her experience as a social science « scientific advisor » within a large local government body. She highlights the many and often implicit expectations of her numerous contacts. She presents her productions as an echo to a « need for sociology » and underlines the many sources of tension between research and action.
786 0 _nSociologies pratiques | 16 | 1 | 2008-03-01 | p. 63-78 | 1235-9278
856 4 1 _uhttps://shs.cairn.info/revue-sociologies-pratiques-2008-1-page-63?lang=fr&redirect-ssocas=7080
999 _c1596724
_d1596724